| 000 | 00434nam a2200181Ia 4500 | ||
|---|---|---|---|
| 005 | 20250603145513.0 | ||
| 008 | 250603s9999 xx 000 0 und d | ||
| 020 | _a9781593702168 | ||
| 050 | _aTP 692.3 . | ||
| 100 | _aBurdick, Donald L. | ||
| 245 | 0 | _aPetrochemicals in nontechnical language | |
| 260 | _aOklahoma | ||
| 260 | _bPennWell Corporation | ||
| 260 | _c2010 | ||
| 300 | _a387 p | ||
| 650 | _aOklahoma | ||
| 942 | _cBK | ||
| 999 |
_c42048 _d42048 |
||